Separatrix surfaces and invariant manifolds of a class of integrable Hamiltonian systems and their perturbations

Αποθηκεύτηκε σε:
Λεπτομέρειες βιβλιογραφικής εγγραφής
Κύριος συγγραφέας: Llibre, Jaume
Άλλοι συγγραφείς: Nunes, Ana
Μορφή: Βιβλίο
Γλώσσα:English
Δημοσίευση: Providence, Rhode island : American Mathematical Society, 1994
Σειρά:Memoirs of the American Mathematical Society ; ; 513
Θέματα:
Ετικέτες: Προσθήκη ετικέτας
Δεν υπάρχουν, Καταχωρήστε ετικέτα πρώτοι!

MARC

LEADER 00000nam a2200000 i 4500
001 1/91502
008 991020s1994 eng d
020 |a 082182581X 
035 |l 10053623 
040 |a GR-MY-UA  |b gre  |e aacr 
041 0 |a eng 
082 0 |a 514.7 
100 1 |a Llibre, Jaume. 
245 1 0 |a Separatrix surfaces and invariant manifolds of a class of integrable Hamiltonian systems and their perturbations /  |c Llibre Jaune 
260 |a Providence, Rhode island :   |b American Mathematical Society,   |c 1994 
300 |a vii, 191 p.;  |b ill.;  |c 25 cm. 
490 1 |a Memoirs of the American Mathematical Society  |v ; 513 
500 |a Volume 107, number 513 (second of 4 numbers) 
500 |a Includes bibliographical references 
650 0 0 |a Hamiltonian systems. 
650 0 0 |a Perturbation (Mathematics) 
650 0 0 |a Foliations (Mathematics) 
650 0 0 |a Invariants. 
700 1 |a Nunes, Ana. 
830 0 |a Memoirs of the American Mathematical Society ;  |v ; 513 
852 |a INST  |b SAMOS  |e 19991020  |h 514.7 LLI  |p 005300012396  |q 005300012396  |t BK  |y 0 
901 |a BIBL3-1999-3 
909 |a Σ  |b 063384 
922 |a 3ΕΛΗ  |b 199907  |c ΕΠΕΑΕΚ/ΜΑΘ  |d ΠΑΠΑΣΩΤΗΡΙΟΥ 
970 |a ΓΕΝΟΥΖΟΥ  |b ΧΡΥΣΑΝΘΗ  |z 1999/10/20